000 01200nem a2200337 4500
001 ebr10016565
003 CaPaEBR
006 m u
007 cr cn|||||||||
008 101210s1997 xx s a s 0 eng d
034 0 _aa
040 _aCaPaEBR
_cCaPaEBR
035 _a(OCoLC)704415031
050 1 4 _aHE557.C93
_bL56 1997eb
050 1 4 _aG7454.L45 1997
_bL56eb
052 _a7454
_bL45
245 0 0 _aLimassol
_h[electronic resource].
246 3 _iTitle from title screen:
_aLimassol port of call
255 _aScale varies.
260 _a[S.l.] :
_bMaps.com,
_cc1997.
300 _a1 online resource (1 map)
533 _aElectronic reproduction.
_bPalo Alto, Calif. :
_cebrary,
_d2011.
_nAvailable via World Wide Web.
_nAccess may be limited to ebrary affiliated libraries.
650 0 _aRoads
_zCyprus
_zLimassol
_vMaps.
650 0 _aHarbors
_zCyprus
_zLimassol
_vMaps.
651 0 _aLimassol (Cyprus)
_vMaps.
651 0 _aLimassol (Cyprus)
655 7 _aElectronic books.
_2local
710 2 _aMaps.com (Firm)
710 2 _aebrary, Inc.
856 4 0 _uhttp://site.ebrary.com/lib/rucke/Doc?id=10016565
_zAn electronic book accessible through the World Wide Web; click to view
999 _c11500
_d11500